貿易の種類 - Statistics

General Stats
  • This quiz has been taken 70 times
  • The average score is 4 of 15
Answer Stats
Hint Answer % Correct
原料を輸入し加工し製品を輸出する 加工貿易
78%
国家が貿易活動に干渉しない 自由貿易
70%
輸入品に高関税をかけ自国産業をまもる 保護貿易
53%
二国間貿易の収支に偏重があるとき、第三国を加えて調整する貿易 三角貿易
43%
一時的に商品を陸揚げ、保管したり加工した後、再輸出する 中継貿易
25%
先進国間の貿易 水平貿易
23%
発展途上国と先進国との貿易 垂直貿易
23%
貿易品目や量を相互で協定して行う 協定貿易
23%
社会主義国と資本主義国の貿易 東西貿易
15%
バルト海で行われる貿易 バルト海貿易
10%
国境を越えてのサービスや商品の受け渡しにおいて、発生する金銭のやり取りを円を単位としてお互いに表示し、実際の支払いも円で行うこと 円建て貿易
3%
貨幣を介在させない物々交換 バーター貿易
2%
11世紀から活発になったヨーロッパの交易 遠隔地貿易
0%
アフリカの北西部を中心に広がるサハラ砂漠を南北に渡ることで,北アフリカと西アフリカを結んで行われた サハラ縦断交易
0%
二国間で相互に協定して行われる貿易 双務貿易
0%
No matching quizzes found
Score Distribution
Percent of People with Each Score
Percentile by Number Answered
Your Score History
You have not taken this quiz